000 00389nam a22001697a 4500
005 20160620105850.0
008 160620b xxu||||| |||| 00| 0 eng d
020 _a81-7660-145-4
041 _aeng
082 _b8428
100 _aGhanekar, Dr Mrs Anjali
_92300
245 _aBusiness Communication Skills
260 _bEPH
300 _a465
650 _aManagement
_9241
942 _cBK
999 _c3225
_d3224